Architectural, Engineering and Information Sciences : abstract book. 11th International Miklós Iványi PhD & DLA Symposium. Pécs, Hungary, 19. - 20. 10. 2015
Enregistré dans:
| Collectivité auteur: | |
|---|---|
| Autres auteurs: | |
| Format: | Actes de congrès Livre |
| Langue: | anglais |
| Publié: |
Pécs :
Pollack Press,
2015
|
| Tags: |
Pas de tags, Soyez le premier à ajouter un tag!
|
MARC
| LEADER | 00000nam a22000003a 4500 | ||
|---|---|---|---|
| 001 | 0008244 | ||
| 005 | 20220509090538.8 | ||
| 008 | 141022s--------hu----------------------d | ||
| 020 | |a 978-963-642-876-1 | ||
| 040 | |a STU |b slo | ||
| 041 | 0 | |a eng | |
| 044 | |a hu | ||
| 111 | 2 | |a International Miklós Iványi PhD & DLA Symposium |n 11th |d 19. - 20. 10. 2015 |c Pécs, Maďarsko | |
| 245 | |a Architectural, Engineering and Information Sciences : |b abstract book. 11th International Miklós Iványi PhD & DLA Symposium. Pécs, Hungary, 19. - 20. 10. 2015 | ||
| 260 | |a Pécs : |b Pollack Press, |c 2015 | ||
| 300 | |a 128 s. | ||
| 700 | 1 | |a Iványi, Péter |r Z6 |4 edt | |
| 996 | |c V* 2237/sc-15 |l VV7 |s P |a 0 |w 0008244_0001 | ||
| 996 | |c V* 2238/sc-15 |l VV7 |s P |a 0 |w 0008244_0002 | ||
| 996 | |c V* 2239/sc-15 |l VV7 |s P |a 0 |w 0008244_0003 | ||
| 996 | |c V* 2240/sc-15 |l VV7 |s P |a 0 |w 0008244_0004 | ||
| 996 | |c V* 2241/sc-15 |l VV7 |s P |a 0 |w 0008244_0005 | ||
| 996 | |c V* 2243/sc-15 |l VV7 |s P |a 0 |w 0008244_0006 | ||
| 996 | |c V* 2253/sc-15 |l VV17 |s P |a 0 |w 0008244_0007 | ||
| 996 | |c V* 2254/sc-15 |l VV17 |s P |a 0 |w 0008244_0008 | ||